Poesías completas /

Guardado en:
Autor Principal: Storni, Alfonsina
Formato: Libro
Publicado: Buenos Aires : S.e.l.a., 1996
Materias:
Etiquetas: Agregar Etiqueta
Sin Etiquetas, Sea el primero en etiquetar este registro!
LEADER 00581nam a22002055a 4500
001 CEM.cems009739
005 20080718114101.0
008 130507s1996##################000#0#####d
003 CEMS
020 |a 9509422096 
082 0 4 |a A861.4 
100 1 |a Storni, Alfonsina 
245 1 0 |a Poesías completas /  |c Alfonsina Storni 
260 |a Buenos Aires :  |b S.e.l.a.,  |c 1996 
300 |a 589 p. 
653 |a Literatura 
653 |a Literatura argentina-siglo 20 
653 |a Poesía argentina-siglo 20 
653 |a Poesías 
859 |a CEMS  |b BIB. CEMS - 11 de abril  |h A861.4  |i St74-2  |p 19973.98  |t Ej.1